000 00626nam a2200205Ii 4500
003 JO-AjNU
008 230606s9999||||xx |||||||||||||| ||und||
020 _a978-0-07-128598-8
040 _aJO-AjNU
_beng
_erda
_cJO-AjNU
041 _aeng
050 1 4 _aTK7888.4.M365 2008
100 3 _aMarcovitz, Alan ,
_eauthor
_93947
245 0 0 _aIntroduction to logic and Computer Design
264 3 1 _aBoston : higher education , 2008
300 _a668p
336 _atext
_btxt
_2rdacontent
337 _aunmediated
_bn
_2rdamedia
338 _avolume
_bnc
_2rdacarrier
650 4 _aIntroduction to logic and Computer Design
_93948
999 _aE2057
_c2056
_d2056